Metric pattern cutting for menswear (Record no. 49141)

MARC details
000 -LEADER
fixed length control field 00434nam a2200169Ia 4500
008 - FIXED-LENGTH DATA ELEMENTS--GENERAL INFORMATION
fixed length control field 220805s9999 xx 000 0 und d
020 ## - INTERNATIONAL STANDARD BOOK NUMBER
International Standard Book Number 978-81-265-3241-4
041 ## - LANGUAGE CODE
Language code of text/sound track or separate title eng
082 ## - DEWEY DECIMAL CLASSIFICATION NUMBER
Classification number 646.4072
100 ## - MAIN ENTRY--PERSONAL NAME
Personal name Aldrich, Winifred
9 (RLIN) 89342
260 ## - PUBLICATION, DISTRIBUTION, ETC. (IMPRINT)
Place of publication, distribution, etc. NewDelhi
Name of publisher, distributor, etc. Wiley, India
Date of publication, distribution, etc. 2012
245 ## - TITLE STATEMENT
Title Metric pattern cutting for menswear
250 ## - EDITION STATEMENT
Edition statement 1
300 ## - PHYSICAL DESCRIPTION
Extent 198
650 ## - SUBJECT ADDED ENTRY--TOPICAL TERM
Topical term or geographic name as entry element Pattern Making
9 (RLIN) 89343
650 ## - SUBJECT ADDED ENTRY--TOPICAL TERM
Topical term or geographic name as entry element Tailoring
9 (RLIN) 89344
Holdings
Withdrawn status Lost status Damaged status Not for loan Collection code Home library Current library Date acquired Vendor Full call number Barcode Date last seen Bill Date Koha item type Original Barcode Total Checkouts Date last checked out
          Manilal Nanavati Vocational Training Institute Pune Manilal Nanavati Vocational Training Institute Pune 09/08/2022 Donated 646.4072/ALD/DB1810 MNVT-DB-1810 09/08/2022 09/08/2022 Donated Book DB1810    
          Manilal Nanavati Vocational Training Institute Pune Manilal Nanavati Vocational Training Institute Pune 09/08/2022 Donated 646.4072/ALD/DB1811 MNVT-DB-1811 04/12/2024 09/08/2022 Donated Book DB1811 1 27/11/2024